[Event "Boise Open"]
[Site "Boise, ID"]
[Date "1981.10.10"]
[Round "2.4"]
[White "Myers, Hugh S"]
[Black "Letterman, John A"]
[Result "0-1"]
[WhiteElo "1564"]
[BlackElo "1779"]

1. e4 c5 2. Nf3 e6 3. d4 cxd4 4. Nxd4 a6 5. Nc3 Qc7 6. Bd3 Nf6 7. a3 Be7 8.
Be3 Nc6 9. O-O Nxd4 10. Bxd4 d6 11. Na4 b5 12. Nb6 Rb8 13. Nxc8 Rxc8 14. a4
Qb7 15. axb5 axb5 16. Ra7 Qc6 17. Qd2 Rb8 18. Rfa1 Kf8 19. R1a6 Qe8 20. e5
dxe5 21. Bxe5 Rd8 22. Kf1 Rd5 23. Bc7 g6 24. Ra8 Bd8 25. Bxd8 Rxd8 26. Rxd8
Qxd8 27. Bxb5 Kg7 28. Qd3 Qc7 29. g3 Rd8 30. Qe2 Qb7 31. Rc6 Rd5 32. c4 Rd8
33. g4 Qb8 34. Kg2 Qf4 35. h3 Rd2 36. Qf3 Qd4 37. Rc7 Qe5 38. b3 Qxc7 {#R} 0-1

[Event "Boise Open"]
[Site "Boise, ID"]
[Date "1981.10.11"]
[Round "4.2"]
[White "Smalec, John"]
[Black "Myers, Hugh S"]
[Result "1-0"]
[WhiteElo "1497"]
[BlackElo "1564"]

1. Nf3 d5 2. g3 e6 3. Bg2 Be7 4. d3 Nf6 5. Bg5 O-O 6. O-O Nbd7 7. Nbd2 Ne8 8.
Bxe7 Qxe7 9. Re1 Nd6 10. e4 dxe4 11. Nxe4 Nxe4 12. Rxe4 Nf6 13. Re2 b6 14. Ne5
Nd5 {#r} 1-0

[Event "ICA January Quads #1"]
[Site "Boise, ID"]
[Date "2007.01.10"]
[Round "2.2"]
[White "Vellotti, Daniel J"]
[Black "Myers, Hugh S"]
[Result "1-0"]
[WhiteElo "1755"]
[BlackElo "1679"]

1. e4 d5 2. exd5 Nf6 3. d4 Nxd5 4. Nf3 Bf5 5. Bc4 c6 6. O-O Qc7 7. Re1 Nd7 8.
Nc3 Nxc3 9. bxc3 Bg6 10. Ng5 h6 11. Nf3 O-O-O 12. a4 e6 13. Qe2 Bh5 14. Ba3
Nf6 15. Reb1 g5 16. Ba6 Bxf3 17. gxf3 Nd5 18. Rxb7 Qxb7 19. Bxb7+ Kxb7 20.
Rb1+ Kc7 21. Qe5+ Bd6 22. Bxd6+ Rxd6 23. Qxh8 Rd8 24. Rb7+ Kc8 25. Rb8+ Kxb8
26. Qxd8+ Kb7 27. c4 Nf4 28. h4 f5 29. Kf1 Nh3 30. Qd7+ Kb6 31. Qxe6 gxh4 32.
d5 Ng5 33. Qxc6+ Ka5 34. Qb5# 1-0

[Event "Idaho Closed"]
[Site "Boise, ID"]
[Date "2007.02.17"]
[Round "1.12"]
[White "Patterson, Kevin R"]
[Black "Myers, Hugh S"]
[Result "0-1"]
[WhiteElo "732"]
[BlackElo "1679"]

1. e4 d5 2. exd5 Nf6 3. Nc3 Nxd5 4. Nf3 Nxc3 5. bxc3 Nc6 6. d4 g6 7. Bb5 Bd7
8. O-O Bg7 9. Re1 O-O 10. h3 a6 11. Bxc6 Bxc6 12. Ba3 Re8 13. Qd2 Bxf3 14.
gxf3 Qd7 15. Kg2 e5 16. d5 Rad8 17. c4 e4 18. c3 exf3+ 19. Kh2 Be5+ 20. Rxe5
Rxe5 21. Rg1 Qa4 22. Re1 Rxe1 23. Qxe1 Qxa3 24. Qd2 Re8 25. Kg3 Re2 26. Qd3
Qxa2 27. Kg4 Rxf2 28. Kg5 Rg2+ 29. Kh6 Qd2+ 30. Qxd2 Rxd2 31. h4 f2 32. c5
f1=Q 33. c4 Qf4# 0-1

[Event "Idaho Closed"]
[Site "Boise, ID"]
[Date "2007.02.18"]
[Round "3.9"]
[White "Takeuchi, Danny J"]
[Black "Myers, Hugh S"]
[Result "1-0"]
[WhiteElo "983"]
[BlackElo "1679"]

1. e4 d5 2. exd5 Nf6 3. c4 e6 4. dxe6 Bxe6 5. Nf3 Qe7 6. Qe2 Nc6 7. d4 O-O-O
8. d5 Qb4+ 9. Nc3 Bg4 10. dxc6 Bc5 11. cxb7+ Kb8 12. a3 Qa5 13. h3 Rhe8 14.
Be3 Bf5 15. Rd1 Rxd1+ 16. Qxd1 Bxe3 17. fxe3 Rxe3+ 18. Kf2 Re8 19. Be2 Qb6+
20. Qd4 Qxb2 21. Re1 Bd7 22. Ne5 Be6 23. Nc6+ Kxb7 24. Rb1 Qxb1 25. Na5+ Kc8
26. Nxb1 Rd8 27. Qxa7 Ne4+ 28. Kg1 Ng3 29. Bf3 Nf5 30. Bc6 Nd6 31. Qa8# 1-0

[Event "Idaho Closed"]
[Site "Boise, ID"]
[Date "2007.02.18"]
[Round "4.14"]
[White "Myers, Hugh S"]
[Black "Langrell, Alexander Michael"]
[Result "1-0"]
[WhiteElo "1679"]
[BlackElo "766"]

1. e4 e5 2. f4 d5 3. Nc3 d4 4. Nb1 Bd6 5. Nf3 Bg4 6. d3 Nc6 7. Be2 exf4 8. O-O
Bxf3 9. Bxf3 Nf6 10. c4 dxc3 11. bxc3 Bc5+ 12. Kh1 g5 13. Bb2 g4 14. Bxg4 Nxg4
15. Qxg4 Qxd3 16. Qxf4 Qc4 17. Nd2 Qe2 18. Qxf7+ Kd8 19. Nf3 Ne5 20. Qf6+ Be7
21. Qxh8+ Kd7 22. Qxe5 Qxb2 23. Rad1+ Bd6 24. Qg7+ Kc6 25. Nd4+ Kc5 26. Rf5+
Kc4 27. Qf7+ Kxc3 28. Nb5+ Kb4 29. Nxd6 cxd6 30. Qxb7+ Kc3 31. Qc7+ Kb4 32.
Qxd6+ Ka4 33. Qc6+ Kb4 34. Rb5+ Ka3 35. Qa6# 1-0

[Event "Idaho Closed"]
[Site "Boise, ID"]
[Date "2007.02.19"]
[Round "5.9"]
[White "Dominick, Matthew Thomas"]
[Black "Myers, Hugh S"]
[Result "0-1"]
[WhiteElo "1269"]
[BlackElo "1679"]

1. e4 d5 2. exd5 Nf6 3. Nc3 Nxd5 4. Qf3 Nxc3 5. Qxc3 Nc6 6. Nf3 Qd6 7. Be2 e5
8. Bb5 f6 9. Bxc6+ Qxc6 10. Qxc6+ bxc6 11. O-O Ba6 12. d3 O-O-O 13. Re1 Bc5
14. Be3 Bb6 15. Rad1 c5 16. b4 cxb4 17. Bxb6 axb6 18. d4 exd4 19. Nxd4 c5 20.
Ne6 Rxd1 21. Rxd1 g6 22. Rd6 Kb7 23. Rd7+ Kc6 24. Rf7 Bc4 25. Rxf6 Bxa2 26.
Nd4+ Kd5 27. Nb5 Bc4 28. Rxb6 Bxb5 29. Rxb5 Rc8 30. Rb7 h5 31. Kf1 Re8 32.
Rd7+ Kc6 33. Rd2 c4 34. Re2 Rxe2 35. Kxe2 Kd5 36. c3 b3 37. Kd2 Ke4 38. f3+
Kf4 39. g3+ Kxf3 40. g4 hxg4 41. h4 gxh3 42. Kc1 h2 43. Kd2 Ke4 44. Kc1 h1=Q+
45. Kb2 g5 46. Ka3 g4 47. Kb4 Kd3 48. Kc5 b2 49. Kb4 b1=Q+ 50. Ka4 Qa8# 0-1

[Event "ICU MVCC Ch (Champ)"]
[Site "Twin Falls, ID"]
[Date "2009.03.07"]
[Round "2.5"]
[White "Hinton, Steve"]
[Black "Myers, Hugh S"]
[Result "0-1"]
[WhiteElo "1591"]
[BlackElo "1675"]

1. e4 d5 2. exd5 Nf6 3. Nc3 Nxd5 4. Nxd5 Qxd5 5. c3 Bf5 6. Nf3 Nc6 7. Be2
O-O-O 8. h3 e5 9. O-O f6 10. Nh4 Bd7 11. Bg4 g5 12. Bxd7+ Qxd7 13. Nf3 h5 14.
Nh2 Bd6 15. d4 exd4 16. cxd4 Qf5 17. Be3 Bf4 18. Bxf4 gxf4 19. f3 Rhg8 20. Kh1
Rxd4 21. Qe2 Rd3 22. Rfd1 Re3 23. Qf2 Rge8 24. Rd2 Qb5 25. b3 Qe5 26. Rdd1 Re2
27. Qg1 Rg8 28. Re1 Qb2 29. Rxe2 Qxe2 30. Qf1 Qd2 31. Kg1 Re8 32. Qd1 Qe3+ 33.
Kh1 Nd4 34. Qg1 Qe5 35. Rd1 Ne2 36. Qxa7 Ng3+ 37. Kg1 Qe3+ 38. Qxe3 fxe3 39.
Re1 Nf5 40. g4 hxg4 41. hxg4 Nd4 42. Kg2 f5 43. gxf5 Nxf5 44. Ng4 Rg8 45. Kh2
Re8 46. Kg2 e2 47. Kf2 Nd4 48. a3 Rf8 49. Nh2 c5 50. Rxe2 Nxe2 51. Kxe2 Kd7
52. Kd2 Kd6 53. Kd3 Kd5 54. a4 Rf4 55. Kc3 b6 56. Kd3 c4+ 57. Kc3 cxb3 58.
Kxb3 Kc5 59. Ka3 Kc4 60. a5 b5 61. a6 Rf6 62. a7 Ra6+ 63. Kb2 Rxa7 64. Ng4 Re7
65. Kc2 b4 66. f4 b3+ 67. Kd2 b2 68. Kc2 Re2+ 69. Kd1 Kd3 70. Ne5+ Rxe5 71.
fxe5 b1=Q# 0-1

[Event "SIO"]
[Site "Twin Falls, ID"]
[Date "2009.11.14"]
[Round "1.8"]
[White "Myers, Hugh S"]
[Black "Patterson, Katie Rae"]
[Result "1-0"]
[WhiteElo "1585"]
[BlackElo "1014"]

1. e4 e5 2. f4 exf4 3. Nf3 Nc6 4. Be2 Nf6 5. d3 g6 6. Bxf4 Bg7 7. O-O O-O 8.
Nc3 b6 9. Bg5 Bb7 10. e5 Nxe5 11. Nxe5 Qe7 12. Ng4 Qc5+ 13. Be3 Qc6 14. Bf3
Qe6 15. Nxf6+ Bxf6 16. Bh6 Bg7 17. Bxg7 Kxg7 18. Bxb7 Rab8 19. Bf3 Qe3+ 20.
Kh1 Rfe8 21. Re1 Qf4 22. Qc1 Qd6 23. Qd2 Qb4 24. Rab1 Re6 25. Rxe6 fxe6 26.
Ne4 Qe7 27. Qc3+ e5 28. Qxc7 Qf8 29. Qxe5+ Kg8 30. Nf6+ Kf7 31. Bd5+ Kg7 32.
Nxd7+ Kh6 33. Nxf8 Rxf8 34. Qe3+ Kg7 35. Qe7+ Kh6 36. Qxf8+ Kg5 37. Rf1 h5 38.
Qf4# 1-0

[Event "SIO"]
[Site "Twin Falls, ID"]
[Date "2009.11.15"]
[Round "3.6"]
[White "Myers, Hugh S"]
[Black "Finch, Douglas W"]
[Result "1/2-1/2"]
[WhiteElo "1585"]
[BlackElo "1350"]

1. e4 c5 2. f4 d6 3. Nf3 Nc6 4. Be2 g6 5. O-O Bg7 6. d3 b5 7. c3 Bb7 8. d4 a6
9. d5 Nb8 10. Qe1 Nf6 11. Bd1 O-O 12. h3 Nxd5 13. exd5 Bxd5 14. Nbd2 Re8 15.
Qg3 Nd7 16. Bc2 Nf6 17. f5 Nh5 18. Qh2 Bxf3 19. Nxf3 e5 20. fxg6 hxg6 21. g4
Nf6 22. Bg5 e4 23. Nd2 Nxg4 24. Bxd8 Nxh2 25. Kxh2 Raxd8 26. Nxe4 Re5 27. Rad1
d5 28. Ng3 d4 29. cxd4 cxd4 30. Bb3 Re7 31. Rf3 a5 32. a3 d3 33. Rdxd3 Rxd3
34. Rxd3 Bxb2 35. a4 bxa4 36. Bxa4 Kg7 37. Kg2 f5 38. Rd7 Rxd7 39. Bxd7 Kf6
40. Kf3 Bc1 41. Ne2 Bd2 42. Nd4 Ke5 43. Nb3 Bb4 44. Nc1 Bd6 45. Nd3+ Kf6 46.
h4 Kg7 47. Nf4 Kf6 48. Nd5+ Kf7 49. Nf4 Ke7 50. Ba4 Kf6 51. Bd7 g5 52. hxg5+
Kxg5 53. Nh3+ Kh4 {#d} 1/2-1/2

[Event "SIO"]
[Site "Twin Falls, ID"]
[Date "2009.11.15"]
[Round "4.7"]
[White "Myers, Hugh S"]
[Black "Ness, Kevin D"]
[Result "1-0"]
[WhiteElo "1585"]
[BlackElo "955"]

1. e4 e5 2. f4 Nc6 3. Nf3 d6 4. d3 Bg4 5. Be2 Nf6 6. c4 Bxf3 7. Bxf3 Nd4 8.
O-O g6 9. Be3 Nxf3+ 10. Qxf3 a6 11. Nc3 c6 12. fxe5 dxe5 13. Qxf6 Qxf6 14.
Rxf6 Bg7 15. Rf3 O-O-O 16. Bb6 Rd7 17. Raf1 f6 18. b4 Rf8 19. b5 Rff7 20. bxa6
bxa6 21. Na4 Rb7 22. Rb1 Bf8 23. Rff1 f5 24. Nc5 Bxc5+ 25. Bxc5 Rbd7 26. Rb6
fxe4 27. Rxf7 Rxf7 28. dxe4 Rf4 29. Rxc6+ Kd7 30. Rxa6 Rxe4 31. Ra4 Kc6 32.
Bf2 Re2 33. g3 e4 34. Kf1 Rc2 35. c5 Rc1+ 36. Kg2 Kd5 37. Rd4+ Kxc5 38. Rd1+
{#r} 1-0

[Event "Idaho Closed"]
[Site "Boise, ID"]
[Date "2010.02.13"]
[Round "2.11"]
[White "Patterson, Kevin R"]
[Black "Myers, Hugh S"]
[Result "1-0"]
[WhiteElo "1184"]
[BlackElo "1563"]

1. e4 d5 2. Nc3 d4 3. Nd5 c6 4. Nf4 e5 5. Nh5 Nf6 6. Ng3 Be7 7. Nf3 Bg4 8. Be2
Nbd7 9. a3 Qc7 10. d3 O-O 11. h3 Bh5 12. Nxh5 Nxh5 13. Nxe5 Qxe5 14. Bxh5 g6
15. Bf3 f5 16. Qe2 f4 17. Bd2 a5 18. O-O Rf7 19. c3 c5 20. c4 b6 21. Qd1 Qc7
22. e5 Rf5 23. Bxa8 Nxe5 24. Be4 Rf8 25. f3 h5 26. Be1 Bg5 27. Bd2 Qe7 28. Qe2
Qf6 29. Rfe1 Kg7 30. Rf1 Bh6 31. b4 a4 32. bxc5 bxc5 33. Rab1 g5 34. Rb7+ Rf7
35. Rxf7+ Kxf7 36. Re1 Kg7 37. Bd5 Nf7 38. Bxf7 Kxf7 39. Qe8+ {#r} 1-0

[Event "Idaho Closed"]
[Site "Boise, ID"]
[Date "2010.02.15"]
[Round "5.16"]
[White "Myers, Hugh S"]
[Black "Lang, Jamie"]
[Result "0-1"]
[WhiteElo "1563"]
[BlackElo "1219"]

1. e4 e5 2. f4 exf4 3. Nf3 d6 4. Be2 Nf6 5. d3 Be7 6. Bxf4 Nc6 7. c4 Bg4 8.
O-O O-O 9. Nc3 Qd7 10. Nd5 Rfe8 11. Nxe7+ Rxe7 12. Bg5 Re6 13. Nd4 Bxe2 14.
Nxe2 Ng4 15. Nf4 Ne3 16. Qf3 Nxf1 17. Rxf1 Re5 18. Nh3 Nd4 19. Qe3 c5 20. Bf4
Re6 21. Ng5 Rf6 22. Nf3 Rxf4 23. Nxd4 Rxf1+ 24. Kxf1 cxd4 25. Qxd4 b6 26. b3
Rd8 27. h3 Qe7 28. Ke2 Qe5 29. Qxe5 dxe5 30. a4 f6 31. b4 a5 32. bxa5 bxa5 33.
Ke3 Rb8 34. c5 Kf8 {#R} 0-1

[Event "Idaho Closed"]
[Site "Boise, ID"]
[Date "2010.02.15"]
[Round "6.17"]
[White "Min, Kathy"]
[Black "Myers, Hugh S"]
[Result "0-1"]
[WhiteElo "868"]
[BlackElo "1563"]

1. e4 d5 2. f3 dxe4 3. fxe4 e5 4. Nf3 Nc6 5. Bc4 Bg4 6. Nc3 Nf6 7. d3 Bc5 8.
b3 Bd4 9. Bb2 O-O 10. Qe2 a6 11. O-O-O b5 12. Bd5 Nxd5 13. exd5 Nb4 14. h3 Bh5
15. g4 Bg6 16. Nxd4 exd4 17. Ne4 Qxd5 18. Qf2 c5 19. Kb1 Bxe4 20. dxe4 Qxe4
21. Rc1 Rac8 22. Rhe1 Qg6 23. Ba3 a5 24. Bxb4 axb4 25. Qe2 Qa6 26. Rcd1 Ra8
27. Kc1 Qxa2 28. Qxb5 Qa1+ 29. Kd2 Qc3+ 30. Ke2 Qe3+ 31. Kf1 Qxh3+ 32. Kf2
Qh2+ 33. Kf3 Qd6 34. Rh1 Rfe8 35. Qd3 Qg6 36. Qc4 Re3+ 37. Kg2 Qxg4+ 38. Kf1
Qxd1+ 39. Kg2 Qf3+ 40. Kh2 Qg3# 0-1

[Event "Pres. Cup-1 (Qualifier)"]
[Site "Twin Falls, ID"]
[Date "2010.07.31"]
[Round "1.6"]
[White "Myers, Hugh S"]
[Black "Patterson, Katie Rae"]
[Result "1-0"]
[WhiteElo "1596"]
[BlackElo "745"]

1. e4 e5 2. f4 exf4 3. Nf3 Nc6 4. Be2 g6 5. O-O Bg7 6. d3 Nf6 7. c4 O-O 8. Nc3
d6 9. Bxf4 Bg4 10. Rb1 Bxf3 11. Bxf3 Nd4 12. Bg5 Nxf3+ 13. Qxf3 c5 14. Bxf6
Bxf6 15. Qxf6 Qxf6 16. Rxf6 Kg7 17. Rbf1 Rad8 18. Nb5 a6 19. Nc3 b6 20. a4 Rd7
21. g4 h5 22. gxh5 gxh5 23. Nd5 Rb7 24. R1f5 b5 25. axb5 axb5 26. cxb5 Rxb5
27. Rxh5 Rxb2 28. Rxd6 Rb1+ 29. Kf2 Rb2+ 30. Ke3 Rh8 31. Rg5+ Kh7 32. Nf6+ Kh6
33. Rh5+ Kg7 34. Rxc5 Rh6 35. Rg5+ Rg6 36. Rxg6+ Kxg6 37. Ng4+ Kh5 38. Nf2 Kg5
39. Rd5+ Kg6 40. h4 Kh7 41. h5 Kh6 42. Ng4+ Kh7 {(And White won in x moves.)}
{#r} 1-0

[Event "WIO (Open)"]
[Site "Boise, ID"]
[Date "2010.12.11"]
[Round "2.3"]
[White "Douglas, Kurt P"]
[Black "Myers, Hugh S"]
[Result "1/2-1/2"]
[WhiteElo "1693"]
[BlackElo "1533"]

1. e4 d5 2. exd5 Nf6 3. c4 e6 4. dxe6 Bxe6 5. Nf3 Nc6 6. Be2 Qe7 7. Nc3 Bxc4
8. O-O Bxe2 9. Qxe2 Qxe2 10. Nxe2 O-O-O 11. d4 Bb4 12. Bg5 Rhe8 13. Ng3 Nxd4
14. Nxd4 Rxd4 15. Rfd1 Rxd1+ 16. Rxd1 Bf8 17. Kf1 b6 18. Rd3 Kb7 19. Bxf6 gxf6
20. Rd7 Bb4 21. f3 Re7 22. Rxe7 Bxe7 {#d} 1/2-1/2

[Event "Idaho Closed"]
[Site "Twin Falls, ID"]
[Date "2011.02.20"]
[Round "4.7"]
[White "Abderhalden, Richard Robert"]
[Black "Myers, Hugh S"]
[Result "1-0"]
[WhiteElo "1503"]
[BlackElo "1617"]

1. e4 d5 2. exd5 Nf6 3. d4 Nxd5 4. c4 Nf6 5. Nc3 e6 6. Nf3 Be7 7. Bf4 a6 8.
Bd3 O-O 9. O-O c6 10. Rc1 Re8 11. c5 Nd5 12. Nxd5 cxd5 13. Ne5 f6 14. Nf3 Nc6
15. Bc2 g5 16. Nxg5 fxg5 17. Qd3 {#r} 1-0

[Event "Idaho Closed"]
[Site "Twin Falls, ID"]
[Date "2011.02.21"]
[Round "5.9"]
[White "Myers, Hugh S"]
[Black "Seekamp III, John Edwin"]
[Result "1-0"]
[WhiteElo "1617"]
[BlackElo "786"]

1. e4 e5 2. f4 exf4 3. Nf3 Nc6 4. Be2 Nf6 5. d3 Bb4+ 6. c3 Bd6 7. O-O Bc5+ 8.
d4 Bb6 9. Bd3 d6 10. Bxf4 Bg4 11. Bg5 Ne5 12. Be2 h6 13. Bh4 O-O 14. Kh1 Ng6
15. Bxf6 Qxf6 16. Nfd2 Bxe2 17. Qxe2 Nf4 18. Qe3 g5 19. g3 c5 20. gxf4 cxd4
21. Qg3 Qg7 22. fxg5 hxg5 23. cxd4 Bxd4 24. Nc3 Be5 25. Qg4 Qh6 26. h3 Rac8
27. Nd5 Rc2 28. Nf3 Rxb2 29. Nxe5 dxe5 30. Nf6+ Kg7 31. Nh5+ Kg8 32. Rf6 Rb6
33. Raf1 Qg6 34. Rxg6+ fxg6 35. Rxf8+ Kxf8 36. Ng3 Rb1+ 37. Kg2 Rb2+ 38. Kg1
Rxa2 39. Qc8+ Kg7 40. Qxb7+ Kh6 41. Qd5 Ra3 42. Qxe5 a5 43. Qh8# 1-0

[Event "ICU Twin Falls City Ch"]
[Site "Twin Falls, ID"]
[Date "2011.06.25"]
[Round "1.5"]
[White "Flores, Israel"]
[Black "Myers, Hugh S"]
[Result "1-0"]
[WhiteElo "1200"]
[BlackElo "1657"]

1. e4 d5 2. exd5 Nf6 3. c4 e6 4. dxe6 Bxe6 5. d3 Bb4+ 6. Bd2 Qe7 7. Nc3 Nc6 8.
Be2 Nd4 9. a3 Bd6 10. Be3 Nf5 11. Qd2 O-O 12. Nf3 Rad8 13. O-O a6 14. Rfe1 c5
15. Bg5 h6 16. Bxf6 Qxf6 17. Ne4 Qe7 18. Nxd6 Nxd6 19. b3 Qf6 20. Rac1 Bf5 21.
Qc3 Qxc3 22. Rxc3 Rfe8 23. b4 b6 24. bxc5 bxc5 25. h3 Be6 26. Nd2 Rb8 27. Nb3
Rec8 28. Bf3 Nf5 29. Re5 Nd4 30. Nxd4 cxd4 31. Rc1 Rb3 32. Be4 Rxa3 33. Rb1 g6
34. Bxg6 fxg6 35. Rxe6 Kf7 36. Rd6 Rxd3 37. Rb7+ Kg8 38. Rxg6+ {#r} 1-0

[Event "ICU Twin Falls City Ch"]
[Site "Twin Falls, ID"]
[Date "2011.06.25"]
[Round "3.7"]
[White "Patterson, Kevin R"]
[Black "Myers, Hugh S"]
[Result "1-0"]
[WhiteElo "1196"]
[BlackElo "1657"]

1. e4 d5 2. exd5 Nf6 3. Nf3 Bg4 4. Be2 Nxd5 5. d3 e6 6. Bd2 Nc6 7. Nc3 Nce7 8.
O-O Nxc3 9. Bxc3 Nd5 10. Bd2 Be7 11. c4 Nb6 12. Bc3 Bf6 13. Bxf6 Qxf6 14. b3
O-O-O 15. Rc1 h5 16. h3 Bf5 17. Rc2 g5 18. g3 Bxh3 19. Re1 h4 20. Nh2 hxg3 21.
fxg3 Qd4+ 22. Kh1 Qf2 23. Rg1 Bf5 24. Rg2 Qe3 25. Qd2 Qd4 26. Qxg5 Rdg8 27.
Qf4 Qd8 28. Rd2 Bg6 29. Qf1 f5 30. Bf3 Qf6 31. Qf2 Rf8 32. Kg1 e5 33. d4 e4
34. Be2 Qg5 35. Qf4 Qe7 36. d5 Qc5+ 37. Kf1 Re8 {#r} 1-0

[Event "Meridian Invitational"]
[Site "Meridian, ID"]
[Date "2011.08.20"]
[Round "3.3"]
[White "Lang, Jamie"]
[Black "Myers, Hugh S"]
[Result "1-0"]
[WhiteElo "1321"]
[BlackElo "1600"]

1. e4 d5 2. exd5 Nf6 3. d4 Nxd5 4. Bc4 Be6 5. Nf3 h6 6. O-O Qd6 7. Bd2 Nd7 8.
Re1 O-O-O 9. Ne5 Nxe5 10. dxe5 g5 11. exd6 {#r} 1-0

[Event "Winter Warmup Invitational"]
[Site "Meridian, ID"]
[Date "2012.01.21"]
[Round "2.6"]
[White "Patterson, Katie Rae"]
[Black "Myers, Hugh S"]
[Result "0-1"]
[WhiteElo "906"]
[BlackElo "1539"]

1. c4 f5 2. Nc3 Nf6 3. Nf3 e6 4. g3 Be7 5. Bg2 O-O 6. O-O c6 7. d3 d6 8. Bg5
Nbd7 9. b3 Qe8 10. Rb1 Qg6 11. Bxf6 Bxf6 12. Qd2 Ne5 13. Nxe5 Bxe5 14. e4 f4
15. f3 Bd4+ 16. Kh1 fxg3 17. hxg3 Qxg3 18. Bh3 Qxh3+ 19. Qh2 Qxh2+ 20. Kxh2
Bxc3 21. f4 Rf6 22. f5 exf5 23. exf5 Bxf5 24. Rbc1 Be5+ 25. Kg1 Raf8 26. Rc2
Bxd3 27. Rxf6 Rxf6 28. Rg2 Rf1# 0-1

[Event "ICA Players Mem-Open"]
[Site "Boise, ID"]
[Date "2012.05.20"]
[Round "4.6"]
[White "Bruck, Nick Jon"]
[Black "Myers, Hugh S"]
[Result "1/2-1/2"]
[WhiteElo "1454"]
[BlackElo "1520"]

1. c4 f5 2. e3 Nf6 3. Nc3 e6 4. d4 c6 5. Bd3 Be7 6. e4 fxe4 7. Nxe4 O-O 8.
Nxf6+ Bxf6 9. Nf3 d5 10. c5 b6 11. b4 bxc5 12. bxc5 Nd7 13. Qc2 g6 14. Bxg6
hxg6 15. Qxg6+ Bg7 16. Ng5 Nf6 17. O-O Qe8 18. Qxe8 Rxe8 19. Re1 Nh7 20. Nf3
Rb8 21. Bf4 Rb4 22. Red1 Ba6 23. Rab1 Ra4 24. Rd2 Bc4 25. Rbb2 Nf6 26. Ng5 Nd7
27. h4 e5 28. dxe5 Nxe5 29. Bxe5 Rxe5 30. Rb8+ Bf8 31. f3 Ba6 32. f4 Rxf4 33.
Ra8 Re7 34. Nf3 Rc7 35. Rc2 Bc4 36. Ng5 Re7 37. g3 Rf1+ 38. Kg2 Rfe1 39. h5
Re8 40. Rxa7 Bxc5 41. Rc7 Bf1+ 42. Kh2 Bg1+ 43. Kh1 c5 44. h6 Bd3 45. Rg7+ Kf8
{#d} 1/2-1/2

[Event "Meridian Invitational"]
[Site "Meridian, ID"]
[Date "2012.06.23"]
[Round "4.5"]
[White "Myers, Hugh S"]
[Black "Olsoy, Peter John"]
[Result "0-1"]
[WhiteElo "1520"]
[BlackElo "1615"]

1. e4 c5 2. c4 Nc6 3. Nc3 Nf6 4. d3 d6 5. f4 g6 6. Nf3 Bg7 7. Be2 O-O 8. O-O
Bg4 9. h3 Bxf3 10. Bxf3 Nd4 11. Be3 Nd7 12. Rb1 Rc8 13. Ne2 Ne6 14. g4 Nb8 15.
Kh1 Nc6 16. Ng3 Ned4 17. f5 e6 18. Bg2 Qh4 19. Bf2 Qg5 20. Qe1 Ne5 21. Rd1
Rce8 22. Be3 Qh4 23. Bf2 Nxg4 {#R} 0-1